Evolution in textile design from the highlands of Guatemala (Record no. 10192)
[ view plain ]
| 000 -CABECERA | |
|---|---|
| campo de control de longitud fija | 01259nam a2200313 a 4500 |
| 001 - NÚMERO DE CONTROL | |
| campo de control | BRL_1381 |
| 005 - FECHA Y HORA DE LA ÚLTIMA TRANSACCIÓN | |
| campo de control | 20190320211157.0 |
| 008 - DATOS DE LONGITUD FIJA--INFORMACIÓN GENERAL | |
| campo de control de longitud fija | 090114s1989----u--ao#####---#000-0#eng-# |
| 020 ## - NÚMERO INTERNACIONAL ESTÁNDAR DEL LIBRO | |
| Número Internacional Estándar del Libro | 0936127015 |
| 041 ## - CÓDIGO DE LENGUA | |
| Código de lengua del texto/banda sonora o título independiente | eng |
| 044 ## - CÓDIGO DEL PAÍS DE LA ENTIDAD EDITORA/PRODUCTORA | |
| Código MARC del país | u |
| 050 #4 - SIGNATURA TOPOGRÁFICA DE LA BIBLIOTECA DEL CONGRESO | |
| Número de clasificación | GT639 |
| Número de documento/Ítem | .B58 1989 |
| 100 1# - ENTRADA PRINCIPAL--NOMBRE DE PERSONA | |
| Nombre de persona | Blum Schevill, Margot |
| 9 (RLIN) | 26598 |
| 245 10 - MENCIÓN DE TÍTULO | |
| Título | Evolution in textile design from the highlands of Guatemala |
| Resto del título | seventeen male tzutes, or headdresses, from Chichicastenango in the collections of the Lowie Museum of Antropology University of California, Berkeley |
| Mención de responsabilidad, etc. | by Margot Blum Schevill ; drawings by Carolyn Shapiro. |
| 260 ## - PUBLICACIÓN, DISTRIBUCIÓN, ETC. | |
| Lugar de publicación, distribución, etc. | Berkeley, California |
| Nombre del editor, distribuidor, etc. | Lowie Museum of Anthropology |
| Fecha de publicación, distribución, etc. | 1989 |
| 300 ## - DESCRIPCIÓN FÍSICA | |
| Extensión | iv, 79 p. |
| Otras características físicas | il., mapas |
| Dimensiones | 28 cm. |
| 440 #0 - MENCIÓN DE SERIE/PUNTO DE ACCESO ADICIONAL--TÍTULO | |
| Título | The Occasional papers |
| Designación de volumen o secuencia | 1 |
| 9 (RLIN) | 26703 |
| 500 ## - NOTA GENERAL | |
| Nota general | Au1632 |
| 500 ## - NOTA GENERAL | |
| Nota general | Incluye dedicatoria a Ruth Lechuga |
| 502 ## - NOTA DE TESIS | |
| Nota de tesis | Bibliografía: p. 76-78 |
| 650 14 - PUNTO DE ACCESO ADICIONAL DE MATERIA--TÉRMINO DE MATERIA | |
| Término de materia o nombre geográfico como elemento de entrada | Indumentaria |
| Subdivisión general | Historia |
| Subdivisión geográfica | Guatemala |
| 9 (RLIN) | 26704 |
| 650 14 - PUNTO DE ACCESO ADICIONAL DE MATERIA--TÉRMINO DE MATERIA | |
| Término de materia o nombre geográfico como elemento de entrada | Prendas de vestir |
| Subdivisión general | Historia |
| Subdivisión geográfica | Guatemala |
| 9 (RLIN) | 26705 |
| 650 14 - PUNTO DE ACCESO ADICIONAL DE MATERIA--TÉRMINO DE MATERIA | |
| Término de materia o nombre geográfico como elemento de entrada | Diseño textil |
| Subdivisión general | Historia |
| Subdivisión geográfica | Guatemala |
| 9 (RLIN) | 26706 |
| 650 14 - PUNTO DE ACCESO ADICIONAL DE MATERIA--TÉRMINO DE MATERIA | |
| Término de materia o nombre geográfico como elemento de entrada | Mayas |
| Subdivisión general | Ropa - Historia |
| 9 (RLIN) | 26707 |
| 650 14 - PUNTO DE ACCESO ADICIONAL DE MATERIA--TÉRMINO DE MATERIA | |
| Término de materia o nombre geográfico como elemento de entrada | Indígenas de América Central |
| Subdivisión general | Ropa - Historia |
| Subdivisión geográfica | Guatemala |
| 9 (RLIN) | 26708 |
| 700 1# - PUNTO DE ACCESO ADICIONAL--NOMBRE DE PERSONA | |
| Nombre de persona | Shapiro, Carolyn |
| Término indicativo de función/relación | il. |
| 9 (RLIN) | 26709 |
| 902 ## - CATALOGADOR | |
| Iniciales | GRL |
| 942 ## - ELEMENTOS DE PUNTO DE ACCESO ADICIONAL (KOHA) | |
| Fuente del sistema de clasificación o colocación | Library of Congress Classification |
| Tipo de ítem Koha | Libros |
| Estado de retiro | Estado de pérdida | Estado dañado | No para préstamo | Localización permanente | Ubicación/localización actual | Fecha de adquisición | Número de inventario | Total de préstamos | Signatura topográfica completa | Código de barras | Fecha visto por última vez | Precio válido a partir de | Tipo de ítem Koha |
|---|---|---|---|---|---|---|---|---|---|---|---|---|---|
| El ejemplar forma parte de la colección y puede ser consultado según las políticas vigentes. | Biblioteca Centro de Estudios Ruth D. Lechuga | Biblioteca Centro de Estudios Ruth D. Lechuga | 09/01/2014 | Au1632 | GT639 .B58 1989 (Au1632) | GRL01539 | 22/03/2019 | 22/03/2019 | Libros |